Russian stories = (Record no. 179)

MARC details
000 -LEADER
fixed length control field 01143cam a2200301 a 4500
001 - CONTROL NUMBER
control field 1036763
005 - DATE AND TIME OF LATEST TRANSACTION
control field 20200421093821.0
008 - FIXED-LENGTH DATA ELEMENTS--GENERAL INFORMATION
fixed length control field 891018r19901961nyu b 000 1 eng
010 ## - LIBRARY OF CONGRESS CONTROL NUMBER
LC control number 89026005
020 ## - INTERNATIONAL STANDARD BOOK NUMBER
International Standard Book Number 0486262448 (pbk.)
040 ## - CATALOGING SOURCE
Original cataloging agency DLC
Transcribing agency DLC
Modifying agency DLC
041 1# - LANGUAGE CODE
Language code of text/sound track or separate title eng
Language code of original rus
050 00 - LIBRARY OF CONGRESS CALL NUMBER
Classification number PG3286
Item number .R9 1990
082 00 - DEWEY DECIMAL CLASSIFICATION NUMBER
Classification number 891.73/0108
Edition information 20
245 00 - TITLE STATEMENT
Title Russian stories =
Remainder of title Russkie rasskazy /
Statement of responsibility, etc. edited by Gleb Struve.
260 ## - PUBLICATION, DISTRIBUTION, ETC.
Place of publication, distribution, etc. New York :
Name of publisher, distributor, etc. Dover Publications,
Date of publication, distribution, etc. 1990, c1989.
300 ## - PHYSICAL DESCRIPTION
Extent xi, 394 p. ;
Dimensions 22 cm.
440 #2 - SERIES STATEMENT/ADDED ENTRY--TITLE
Title A Dual-language book
9 (RLIN) 308
500 ## - GENERAL NOTE
General note Reprint. Originally published: New York : Bantam Books, 1961. Originally published in series: Bantam dual-language book.
504 ## - BIBLIOGRAPHY, ETC. NOTE
Bibliography, etc. note Includes bibliographical references (p. 335-358).
650 #0 - SUBJECT ADDED ENTRY--TOPICAL TERM
Topical term or geographic name entry element Short stories, Russian
General subdivision Translations into English.
9 (RLIN) 869
651 #0 - SUBJECT ADDED ENTRY--GEOGRAPHIC NAME
Geographic name Russia
General subdivision Social life and customs
-- Fiction.
9 (RLIN) 870
700 1# - ADDED ENTRY--PERSONAL NAME
Personal name Struve, Gleb.
9 (RLIN) 309
740 0# - ADDED ENTRY--UNCONTROLLED RELATED/ANALYTICAL TITLE
Uncontrolled related/analytical title Russkie rasskazy.
856 42 - ELECTRONIC LOCATION AND ACCESS
Materials specified Publisher description
Uniform Resource Identifier <a href="http://www.loc.gov/catdir/description/dover031/89026005.html">http://www.loc.gov/catdir/description/dover031/89026005.html</a>
906 ## - LOCAL DATA ELEMENT F, LDF (RLIN)
a 7
b cbc
c orignew
d 1
e ocip
f 19
g y-gencatlg
942 ## - ADDED ENTRY ELEMENTS (KOHA)
Source of classification or shelving scheme Dewey Decimal Classification
Koha item type Books
Holdings
Withdrawn status Lost status Damaged status Not for loan Collection Home library Current library Shelving location Date acquired Barcode Date last seen Price effective from Koha item type
        Reference Centerville Centerville General stacks 09/04/2014 39999000007473 09/04/2014 09/04/2014 Books
        Reference Midway Midway General stacks 09/04/2014 39999000007497 09/04/2014 09/04/2014 Books